logo

Bir Sreshtho Munshi Abdur Rouf Library
Jhenaidah Cadet College

Ordinary differential equations : (Record no. 5017)

MARC details
000 -LEADER
fixed length control field 00804nam a22002772 4500
001 - CONTROL NUMBER
JCCL Control Number 5017
003 - CONTROL NUMBER IDENTIFIER
JCCL marc code UkOxU
005 - DATE AND TIME OF LATEST TRANSACTION
control field 20171207090550.0
008 - FIXED-LENGTH DATA ELEMENTS--GENERAL INFORMATION
fixed length control field 740605s1967 nyua b 001 0 eng
035 ## - SYSTEM CONTROL NUMBER
system control number (BD-JhCC) 5017
040 ## - CATALOGING SOURCE
Original cataloging agency DLC
Transcribing agency DLC
Modifying agency EQO
041 ## - LANGUAGE CODE
Language code of Book eng
050 0# - LIBRARY OF CONGRESS CALL NUMBER
Classification number QA372
Item number .B8
082 ## - DEWEY DECIMAL CLASSIFICATION NUMBER
Classification number 517/.382
DDC Edition number 517.382
Author mark and Year BRA 1967
100 1# - MAIN ENTRY--PERSONAL NAME
Personal name Brauer, Fred.
245 10 - TITLE STATEMENT
Title Ordinary differential equations :
Remainder of title a first course /
Statement of responsibility, etc [by] Fred Brauer and John A. Nohel.
260 ## - PUBLICATION, DISTRIBUTION, ETC. (IMPRINT)
Place of publication, distribution, etc New York :
Name of publisher, distributor, etc W. A. Benjamin,
Date of publication, distribution, etc 1967.
300 ## - PHYSICAL DESCRIPTION
Pagination xvi, 457 p.
Other physical details illus.
Dimensions 24 cm.
490 1# - SERIES STATEMENT
Series statement University mathematics series
504 ## - BIBLIOGRAPHY, ETC. NOTE
Bibliography, etc Bibliography: p. 429-430.
650 #0 - SUBJECT ADDED ENTRY--TOPICAL TERM
Topical term or geographic name as entry element Differential equations.
700 1# - ADDED ENTRY--PERSONAL NAME
Personal name Nohel, John A.
830 #0 - SERIES ADDED ENTRY--UNIFORM TITLE
Uniform title University mathematics series
942 ## - ADDED ENTRY ELEMENTS (KOHA)
Source of classification or shelving scheme Dewey Decimal Classification
Koha item type Books
Holdings
Source of classification or shelving scheme Damaged status Not for loan Home library Current library Shelving location Date of accession Source of acquisition Total Checkouts Full call number Barcode Date last seen Copy number Koha item type
Dewey Decimal Classification     JCC Rouf Library JCC Rouf Library General Stacks 12/07/2017 The Asia Foundation   517/.382 BRA 1967 6998 12/07/2017 C- 1 Books

JCC Library | Contacts | JCC Home

Last Update on 23 September 2017
Copyright @ 2017-2020 JCC Rouf Library
Rouf Library, Jhenidah Cadet College (JCC), Bangladesh